| 000 -LEADER |
| fixed length control field |
02239 a2200193 4500 |
| 020 ## - INTERNATIONAL STANDARD BOOK NUMBER |
| International Standard Book Number |
0071358781 (hardcover) |
| 020 ## - INTERNATIONAL STANDARD BOOK NUMBER |
| International Standard Book Number |
9780071358781 (hardcover) |
| 082 04 - DEWEY DECIMAL CLASSIFICATION NUMBER |
| Classification number |
658.4 |
| 090 ## - LOCALLY ASSIGNED LC-TYPE CALL NUMBER (OCLC); LOCAL CALL NUMBER (RLIN) |
| -- |
5217 |
| -- |
5217 |
| 100 1# - MAIN ENTRY--PERSONAL NAME |
| Personal name |
Braksick, Leslie Wilk. |
| 245 10 - TITLE STATEMENT |
| Title |
Unlock behavior, unleash profits / |
| Statement of responsibility, etc. |
Leslie Wilk Braksick, The Continuous Learning Group. |
| 250 ## - EDITION STATEMENT |
| Edition statement |
1st ed. |
| 260 ## - PUBLICATION, DISTRIBUTION, ETC. |
| Place of publication, distribution, etc. |
[S.l.] : |
| Name of publisher, distributor, etc. |
McGraw-Hill, |
| Date of publication, distribution, etc. |
1999. |
| 300 ## - PHYSICAL DESCRIPTION |
| Extent |
291 p. ; |
| Dimensions |
24 cm. |
| 520 ## - SUMMARY, ETC. |
| Summary, etc. |
Right now, you can start dramatically improving performance - of yourself, your employees, and your organization. Simply emulate what many other great corporate leaders are doing: apply the proven methods of behavioral science that Dr. Braksick reveals in this leadership handbook! "Behavior is a key enabler! This book is a must read for leaders who want to increase their organization's capacity to execute will!" - Dave O'Reilly, Chairman and CEO, Chevron Corporation. "Much is written about strategy, process change, marketing, efficiency...but all too often the most critical ingredient is left out: the people who execute it. Dr. Braksick gives us a practical, science-based guide to every executive's most complex issue: people." - Brian Baker, President, Mobil North America Marketing and Refining. "The influence of Dr. Braksick and her colleagues has dramatically impacted me and my leadership of one of the nation's fastest growing companies." - Michael G. DeGroote, Board Chairman and CEO, Century Business Services (CBIZ). "An excellent reminder for seasoned executives of the importance of feedback and understanding their impact on people...an ideal handbook for new managers on understanding relationships and the impact of their leadership on others. " - Fran Dramus, CIO, Bell South. ""Unlock Behavior, Unleash Profits" is about 21st century leadership. The power of unlocking behavior in your organization starts with you, the leader. Dr. Braksick is a winner, and this book will be one and create many winners itself!" - Brian McNeill, President, Ingersoll-Rand Architectural Hardware Group. |
| 700 1# - ADDED ENTRY--PERSONAL NAME |
| Personal name |
Group, The Continuous Learning. |
| 856 40 - ELECTRONIC LOCATION AND ACCESS |
| Materials specified |
Amazon.com |
| Uniform Resource Identifier |
<a href="http://www.amazon.com/exec/obidos/ASIN/0071358781/chopaconline-20">http://www.amazon.com/exec/obidos/ASIN/0071358781/chopaconline-20</a> |
| 942 ## - ADDED ENTRY ELEMENTS (KOHA) |
| Institution code [OBSOLETE] |
NBS |
| Koha item type |
Book |
| Call number prefix |
658.4 BRA |